000
00232nam a22000977a 4500
100
_a
Vasanthagesan, M.
245
_a
Rubber kayattumathikku dhrutha nadapadi
260
_b
Karshakasree, 30(4): 2024. 8.
300
_b
April
942
_c
JS
999
_c
75197
_d
75197